Les anti Tour Eiffel - Statistiques

Statistiques générales
  • Ce quiz a été pris 25 fois
  • Le résultat moyen est 4 sur 38
Statistiques - réponses
Hint Réponse % Correct
Ecrivain 1824-1895 La dame aux camélias Alexandre {Dumas} fils
82%
Ecrivain 1850-1893 Bel-Ami Guy de {Maupassant}
82%
Architecte 1825-1898 Opéra Charles {Garnier}
50%
Poète 1844-1896 Poèmes saturniens Paul {Verlaine}
36%
Compositeur 1818-1893 Faust Charles {Gounod}
32%
Poète 1839-1907 Nobel Sully {Prudhomme}
23%
Dramaturge 1831-1908 Mme Sans-Gêne Victorien {Sardou}
23%
Essayiste 1846-1917 Le Désespéré Léon {Bloy}
18%
Graveur 1853-1935 L'Illustration Charles {Baude}
14%
Poète 1842-1908 La mort des oiseaux François {Coppée}
9%
Poète 1818-1894 Poèmes antiques Charles {Leconte de Lisle}
5%
Journaliste 1825-1891 Le Figaro Albert {Wolff}
0%
Sculpteur 1845-1916 Gloria Victis Antonin {Mercié}
0%
Poète 1850-1930 Mazeppa Charles {Grandmougin}
0%
Architecte 1807-1888 Hôpital Ste Anne à Paris Charles {Questel}
0%
Dramaturge 1829-1899 Le Parasite Edouard {Pailleron}
0%
Peintre 1828-1891 Diane Elie {Delaunay}
0%
Architecte 1829-1914 Maison d'arrêt de La Santé Emile {Vaudremer}
0%
Peintre 1843-1896 Splendeur Ernest {Duez}
0%
Peintre 1815-1891 Siège de Paris Ernest {Meissonier}
0%
Sculpteur 1822-1905 Michel de l'Hospital Eugène {Guillaume}
0%
Essayiste 1853-1911 A l'assaut du Pôle sud François {Bournand}
0%
Peintre 1814-1897 Orphée François-Louis {Français}
0%
Sculpteur 1824-1905 Général Marceau Gabriel-Jules {Thomas}
0%
Peintre 1824-1888 Le marché aux esclaves Gustave {Boulanger}
0%
Peintre 1846-1909 Portrait de Camille Saint-Saëns Gustave {Jacquet}
0%
Ecrivain 1853-1929 Un bon garçon Henri {Amic}
0%
Architecte 1826-1911 Château de Chantilly Honoré {Daumet}
0%
Peintre 1806-1894 Le Bon Samaritain Jean {Gigoux}
0%
Peintre 1842-1889 L'Arrivée Jean-Richard {Goubie}
0%
Peintre 1819-1898 Les martyrs aux catacombes Jules-Eugène {Lenepveu}
0%
Peintre 1834-1912 Chloé Jules {Lefebvre}
0%
Peintre 1833-1922 Martyre de Saint-Denis Léon {Bonnat}
0%
Graveur 1797-1892 Portraitiste Louis-Pierre {Henriquel}
0%
Peintre 1852-1929 La douleur d'Orphée Pascal {Dagnan-Bouveret}
0%
Sculpteur 1845-1915 Gisant de Félix Faure René de {Saint-Marceaux}
0%
Peintre 1797-1890 Pillage d'une maison dans le judecca de Venise au Moyen Âge Robert {Fleury}
0%
Peintre 1825-1905 Dante et Virgile William {Bouguereau}
0%
Aucun quiz correspondant
Distribution des résultats
% des personnes avec chaque résultat
Percentile par nombre de réponses
Votre historique - résultats
Vous n’avez pas pris ce quiz